000 00431cam a2200181 4500
001 D3139
008 090401t1982 xxu||||| |||| 00| 0 eng d
035 _a(Sirsi) u71953
041 _aeng
050 _a711.1
100 _aDenyer-Green, Barry P. D.
245 _aDevelopment and planning law
260 _aLondon
_bEstates Gazette
_c1982
300 _axxxiv. 260p. 22cm
350 _a8.5
942 _n0
948 _c04/03/1997
999 _c95464
_d95464